Multiple Choice City Quiz - Key West - Statistics

General Stats
  • This quiz has been taken 18 times
    17 since last reset
  • The average score is 7 of 10
Answer Stats
Question Answer % Correct
What foreign country lies closest to Key West? Cuba
92%
What is the main street of Key West, running north/south from the Gulf of Mexico to the Atlantic Ocean? Duval Street
83%
What famous writer lived in Key West, their residence now a national historic site and popular tourist attraction? Ernest Hemingway
83%
Which of these ingredients does NOT go in a traditional Key lime pie? Maraschino cherries
83%
What is the nickname of Key West, also a secession movement? The Conch Republic
83%
What is the approximate population of Key West? 26,000
75%
What fort in Key West served as an important outpost during the Civil War? Fort Taylor
75%
Which U.S. President had a "Little White House" in Key West? Harry S. Truman
58%
Which of these statements about Key West is FALSE? It is the largest of the Florida Keys
50%
What significant event occurred on March 30, 1886? A major fire
25%
No matching quizzes found
Score Distribution
Percent of People with Each Score
Percentile by Number Answered
Your Score History
You have not taken this quiz since the last reset